[Event "Hampstead IM-B 5th"]
[Site "London"]
[Date "1999.04.14"]
[Round "8"]
[White "Knott, Simon JB"]
[Black "Houska, Jovanka"]
[Result "1-0"]
[WhiteElo "2367"]
[BlackElo "2286"]

1.c4 c6 2.Nc3 d5 3.e3 Nf6 4.d4 a6 5.Nf3 b5 6.b3 Bg4 7.Be2 Nbd7 8.O-O e6 9.Bb2 Bd6
10.h3 Bh5 11.Ne5 Bxe2 12.Nxe2 O-O 13.Nxc6 Qb6 14.cxd5 Nxd5 15.Ne5 Nxe5 16.dxe5 Bc7
17.Bd4 Qb8 18.f4 Rd8 19.Qc2 Bb6 20.Qe4 Qa7 21.Rf3 Rac8 22.g4 b4 23.f5 Nc3
24.Bxc3 bxc3 25.Rc1 c2 26.Rxc2 Bxe3+ 27.Kf1 Rxc2 28.Qxc2 exf5 29.Qxf5 g6
30.Qe4 Bg5 31.e6 Re8 32.Rxf7 Qe3 33.Qxe3 Bxe3 34.Nf4 Bxf4 35.Rxf4 Rxe6 36.Kf2 Kg7
37.Kf3 g5 38.Re4 Rf6+ 39.Ke3 Rc6 40.Kd3 Kf6 41.Rc4 Rd6+ 42.Ke4 Ke6 43.Rc5 h6
44.b4 Kf6 45.a4 Re6+ 46.Kd4 Rd6+ 47.Rd5 Rc6 48.b5 axb5 49.axb5 Rc1 50.Rd6+ Kg7
51.b6 Rb1 52.Kd5 Rb3 53.Kc6 Rxh3 54.Kc7 Rc3+ 55.Rc6 Rf3 56.b7 Rf7+ 57.Kb6 Rf8
58.Rc8 Rf1 59.Rc7+ Kg6 60.Rc6+  1-0

[Event "ROM-chT"]
[Site "Sovata"]
[Date "1999.04.16"]
[Round "1"]
[White "Suba, Mihai"]
[Black "Ceteras, Marius"]
[Result "1-0"]
[WhiteElo "2531"]
[BlackElo "2353"]

1.c4 c6 2.e4 e5 3.Nf3 d6 4.d4 Bg4 5.d5 Be7 6.Nc3 Bxf3 7.Qxf3 Bg5 8.Qg3 Bxc1
9.Rxc1 Qf6 10.c5 dxc5 11.dxc6 bxc6 12.Na4 Ne7 13.Nxc5 O-O 14.Rd1 Ng6 15.Bc4 a5
16.O-O Ra7 17.Qe3 Re7 18.Rd2 Qf4 19.Qc3 Ra7 20.Rfd1 Qg5 21.g3 h5 22.Rd6 Kh7
23.Qf3 Rc7 24.Qf5 Qxf5 25.exf5 Ne7 26.Ne4 Nxf5 27.Ng5+ Kg8 28.Rd8 Nd4 29.Rxf8+ Kxf8
30.f4 Rd7 31.Kg2 exf4 32.Bxf7 fxg3 33.hxg3 c5 34.Bxh5 Ke7 35.Ne4 Na6 36.Rf1 Kd8
37.Rf8+ Kc7 38.Ra8 Kb6 39.Rxa6+  1-0

[Event "Bundesliga 9899"]
[Site "Germany"]
[Date "1999.04.18"]
[Round "15.2"]
[White "Agdestein, Simen"]
[Black "Rausis, Igors"]
[Result "0-1"]
[WhiteElo "2550"]
[BlackElo "2508"]

1.c4 c6 2.b3 d5 3.Bb2 Bg4 4.d3 Nd7 5.h3 Bh5 6.Nd2 e5 7.cxd5 cxd5 8.g4 Bg6
9.Bg2 Qa5 10.Nf3 Bd6 11.O-O Ne7 12.e4 d4 13.Nc4 Qa6 14.Nh4 b5 15.Nxd6+ Qxd6
16.f4 f6 17.Nf5 Bxf5 18.exf5 Rc8 19.Qf3 O-O 20.Rae1 Rfd8 21.fxe5 Nxe5 22.Qe4 Rc6
23.a3 b4 24.axb4 Qxb4 25.Ra1 Rc7 26.Rfb1 h6 27.Bf1 Nd5 28.Ra4 Qxb3 29.Rxd4 Rcd7
30.Bg2 Nc3 31.Rxd7 Rxd7 32.Qa8+ Kh7 33.Qe8 Qb6+ 34.Kh1 Rd8 35.Qe7 Nxb1 36.Bxe5 fxe5
37.Be4 Kh8 38.g5 hxg5 39.Qxg5 Nc3 40.Qh4+ Kg8  0-1

[Event "ROM-chT"]
[Site "Sovata"]
[Date "1999.04.20"]
[Round "5"]
[White "Marin, Mihail"]
[Black "Sanduleac, Vasile"]
[Result "1/2-1/2"]
[WhiteElo "2527"]
[BlackElo "2443"]

1.c4 c6 2.e4 e5 3.Nf3 d6 4.d4 Bg4 5.Be2 Nd7 6.Nc3 Be7 7.O-O Bxf3 8.Bxf3 Bg5
9.g3 Bxc1 10.Rxc1 Ngf6 11.Bg2 Qb6 12.c5 Qb4 13.d5 dxc5 14.dxc6 bxc6 15.Qd6 Rc8
16.Rfd1 Qb8 17.Qxb8 Rxb8 18.Na4 Ke7 19.Nxc5 Rxb2 20.Nxd7 Nxd7 21.Rxc6 Rb7
22.Bh3 Rhb8 23.Rd5 f6 24.Kg2 Nb6 25.Rdc5 Na8 26.Be6 Rb6 27.Bd5 Kd7 28.Be6+ Ke7
29.Bd5 Kd7 30.Be6+  1/2-1/2

[Event "Dubai op"]
[Site "Dubai"]
[Date "1999.05.02"]
[Round "2"]
[White "Akopian, Vladimir"]
[Black "Guliev, Sarhan"]
[Result "1-0"]
[WhiteElo "2640"]
[BlackElo "2486"]

1.c4 c6 2.d4 d5 3.Nc3 e6 4.e3 f5 5.Bd3 Nf6 6.Qc2 Be7 7.Nge2 O-O 8.O-O Bd7
9.f3 Bd6 10.Bd2 Kh8 11.c5 Bc7 12.e4 dxe4 13.fxe4 Na6 14.Bxa6 bxa6 15.Bf4 Ng4
16.h3 Bxf4 17.Rxf4 Ne3 18.Qd2 g5 19.Rf2 f4 20.Nd1 Nxd1 21.Rxd1 a5 22.Qc3 Qe7
23.Qxa5 Be8 24.d5 cxd5 25.exd5 e5 26.c6 Rf6 27.Nc3 e4 28.d6 Rxd6 29.Rxd6 Qxd6
30.Nxe4 Qd4 31.Nxg5 Bxc6 32.Qf5 Qg7 33.Rxf4 h5 34.Rf2 Re8 35.Ne6 Qg3 36.Qxh5+ Kg8
37.Qh6  1-0

[Event "Guillermo Garcia mem-B"]
[Site "Santa Clara"]
[Date "1999.05.02"]
[Round "8"]
[White "Vilela, Jose Luis"]
[Black "Perez, Rodney"]
[Result "1/2-1/2"]
[WhiteElo "2396"]
[BlackElo "2406"]

1.c4 c6 2.d4 d5 3.cxd5 cxd5 4.Nc3 Nf6 5.Nf3 Nc6 6.Bf4 a6 7.Rc1 Bf5 8.e3 Rc8
9.Bd3 Bxd3 10.Qxd3 e6 11.Bg5 Be7 12.Bxf6 Bxf6 13.O-O O-O 14.Na4 Rc7 15.Nc5 Qe7
16.Qd2 Rfc8 17.Nd3  1/2-1/2

[Event "NRW-Liga II 9899"]
[Site "GER"]
[Date "1999.05.06"]
[Round "9"]
[White "Woerdemann, Martin"]
[Black "Kreutzkamp, Reinhold"]
[Result "1/2-1/2"]
[WhiteElo "2295"]
[BlackElo "2285"]

1.c4 c6 2.Nf3 d5 3.cxd5 cxd5 4.d4 Nf6 5.Nc3 Nc6 6.Bf4 a6 7.e3 Bg4 8.Bd3 e6
9.h3 Bh5 10.O-O Be7 11.Qe2 O-O 12.Rfc1 Rc8 13.g4 Bg6 14.Bxg6  1/2-1/2

[Event "Capablanca mem Premier I"]
[Site "Havana"]
[Date "1999.05.09"]
[Round "3"]
[White "Franco Ocampos, F."]
[Black "Hernandez, Roman"]
[Result "1/2-1/2"]
[WhiteElo "2463"]
[BlackElo "2419"]

1.c4 c6 2.d4 d5 3.Nf3 Nf6 4.cxd5 cxd5 5.Nc3 Nc6 6.Bf4 e6 7.e3 Bd6 8.Bxd6 Qxd6
9.Bd3 O-O 10.O-O Bd7 11.Rc1 Rfc8 12.a3 Be8  1/2-1/2

[Event "BUL-ch"]
[Site "Plovdiv"]
[Date "1999.05.12"]
[Round "1"]
[White "Popchev, Milko"]
[Black "Vaklinov, Atanas"]
[Result "1-0"]
[WhiteElo "2513"]
[BlackElo "2154"]

1.c4 c6 2.Nf3 d5 3.b3 Nf6 4.Bb2 Bg4 5.e3 Nbd7 6.h3 Bh5 7.Be2 e6 8.O-O Bd6
9.d4 O-O 10.Nbd2 Qb8 11.c5 Be7 12.b4 b5 13.a4 a6 14.Nb3 Qc7 15.Ra3 Ne4 16.Qa1 Rab8
17.axb5 axb5 18.Ra6 Qc8 19.Ra7 f6 20.Qa6 Qxa6 21.Rxa6 Rbc8 22.Ra7 Rfd8 23.Rfa1 Kf8
24.g4 Be8 25.Ne1 Ng5 26.Kg2 Nb8 27.Nd3 Rd7 28.Ra8 Rdc7 29.f3 Nf7 30.Bc3 Bd8
31.Nf4 Re7 32.Bd3 e5 33.Ne2 exd4 34.Nbxd4 Ne5 35.Bf5 Bd7 36.Nf4 Kf7 37.R1a7 g6
38.Bxd7 Rxd7 39.Nfe6 Be7 40.f4 Rxa7 41.Rxa7 Ned7 42.Kf3 Nf8 43.Nxf8 Kxf8
44.Be1  1-0

[Event "VCN SchaakFestival"]
[Site "Soest"]
[Date "1999.05.16"]
[Round "7"]
[White "Drent, Sjoerd"]
[Black "L'Ami, Erwin"]
[Result "1/2-1/2"]
[WhiteElo "2038"]
[BlackElo "2035"]

1.c4 c6 2.e4 d5 3.exd5 cxd5 4.d4 Nf6 5.Nc3 e6 6.Nf3 dxc4 7.Bxc4 Be7 8.O-O O-O
9.Bg5 Nbd7 10.Rc1 a6 11.a3 b5 12.Ba2 Bb7 13.Qd3 Nc5 14.Qc2 Nce4 15.Bxf6 Nxf6
16.d5 exd5 17.Rfd1 Rc8 18.Qf5 g6 19.Qh3 Ne4 20.Nxd5 Rxc1 21.Nxe7+ Qxe7 22.Rxc1  1/2-1/2

[Event "Capablanca mem Premier II"]
[Site "Havana"]
[Date "1999.05.17"]
[Round "9"]
[White "Gongora, Maikel"]
[Black "Perez, Rodney"]
[Result "1-0"]
[WhiteElo "2427"]
[BlackElo "2406"]

1.c4 c6 2.e4 e5 3.Nf3 d6 4.d4 Bg4 5.d5 Be7 6.Nc3 Nf6 7.Be2 O-O 8.Be3 Nbd7
9.Nd2 Bxe2 10.Qxe2 Ne8 11.O-O Bg5 12.b4 Bxe3 13.Qxe3 Nef6 14.Rab1 cxd5 15.cxd5 Nb6
16.Rfc1 Qd7 17.Qd3 Rfc8 18.g3 h6 19.Kg2 Rc7 20.Nb5 Rxc1 21.Rxc1 a6 22.Na3 Rc8
23.Rxc8+ Qxc8 24.Nac4 Nxc4 25.Nxc4 Qc7 26.a4 Nd7 27.Ne3 Nb6 28.a5 Nc8 29.h4 Na7
30.Nf5 Nb5 31.Qd1 Kh7 32.h5 g6 33.hxg6+ fxg6 34.Nh4 Qc8 35.Kh2 Kg7 36.Ng2 Nd4
37.Ne3 h5 38.Kg2 Qc3 39.g4 h4 40.g5 Qc8 41.Qh1 h3+ 42.Qxh3 Qxh3+ 43.Kxh3 Kf7
44.Nc4 Ke7 45.Nb2 Ne2 46.Nd3 Nc3 47.f3 Kf7 48.Kg3 Ke7 49.Kf2 Ke8 50.Ke3 Kf7
51.f4 exf4+ 52.Nxf4 Nb5 53.Kd3 Na3 54.Ne6 Ke7 55.Nd4 Kd7 56.Kc3 Nb1+ 57.Kc2 Na3+
58.Kb3 Nb1 59.Nf3  1-0

[Event "Zalakaros Kupa 18th"]
[Site "Zalakaros"]
[Date "1999.05.17"]
[Round "6"]
[White "Almasi, Istvan"]
[Black "Waller, Helmut"]
[Result "1-0"]
[WhiteElo "2451"]
[BlackElo "2213"]

1.c4 c6 2.d4 d5 3.Nf3 Nf6 4.g3 Bf5 5.Bg2 e6 6.O-O Nbd7 7.b3 Bd6 8.Bb2 h6
9.Nc3 Ne4 10.Nd2 Nxc3 11.Bxc3 O-O 12.e4 dxe4 13.Nxe4 Be7 14.b4 Nf6 15.Nc5 Bxc5
16.bxc5 Ne4 17.Be1 Qg5 18.Qe2 Qg6 19.Ba5 Ng5 20.Rfd1 Bh3 21.Bh1 f5 22.Qd3 Bg4
23.f3 Bh5 24.Bg2 f4 25.g4 Qxd3 26.Rxd3 Bg6 27.Rb3 Rf7 28.h4 Nh7 29.h5 Bc2
30.Rc3 Ba4 31.Ra3 b5 32.cxb6 axb6 33.Bxb6 Ra6 34.c5 Bb5 35.Rxa6 Bxa6 36.Bf1 Bxf1
37.Kxf1 Ng5 38.Kf2 Rd7 39.Rd1 Rb7 40.a4 Rb8 41.Ra1 Ra8 42.a5 Ra6 43.Bc7 Kf7
44.Bxf4 Nh7 45.Be5 Nf6 46.Bxf6 Kxf6 47.f4 g6 48.hxg6 Kxg6 49.Kf3 h5 50.gxh5+ Kxh5
51.Ke4 Kg6 52.Ke5  1-0

[Event "BCF-chT 98/99 (4NCL)"]
[Site "GBR"]
[Date "1999.05.23"]
[Round "9"]
[White "McNab, Colin Anderson"]
[Black "Corkett, Anthony"]
[Result "1-0"]
[WhiteElo "2418"]
[BlackElo "2255"]

1.c4 c6 2.Nf3 d5 3.e3 Nf6 4.Nc3 g6 5.d4 Bg7 6.Bd3 O-O 7.O-O a6 8.Qc2 b5 9.b3 Nbd7
10.Bb2 Rb8 11.Rac1 e5 12.cxd5 cxd5 13.dxe5 Ng4 14.Nxd5 Ndxe5 15.Bxe5 Nxe5
16.Nxe5 Bxe5 17.Be4 Bb7 18.Rcd1 Re8 19.g3 Rc8 20.Qd3 Qa5 21.Qb1 b4 22.Nf6+ Bxf6
23.Bxb7 Rcd8 24.Bf3 Qc5 25.Kg2 a5 26.Rxd8 Rxd8 27.Rd1 Kg7 28.Rxd8 Bxd8 29.Qe4 Bf6
30.Qa8 Qe5 31.h4 h6 32.Bd5 Qc7 33.Bc4 Bc3 34.Qd5 Bf6 35.e4 Bc3 36.f4 Qa7
37.h5 gxh5 38.Qxh5 Qd7 39.Bd5 Bd4 40.Bc4 Bc3 41.e5 a4 42.Qf3 axb3 43.axb3 Qd2+
44.Kh3 Qd7+ 45.Kh4 Qd8+ 46.Kh5 Qb6 47.e6 fxe6 48.Qg4+ Kf6 49.Qh4+ Kf7 50.f5 Bf6
51.Bxe6+ Ke7 52.Qe4 Bg5 53.Kg6 Qb8 54.Bf7+ Kf8 55.Qd4 Qxg3 56.Qh8+ Ke7 57.Qe8+ Kd6
58.Qb8+  1-0

[Event "IHEM"]
[Site "Hamburg"]
[Date "1999.05.27"]
[Round "6.4"]
[White "Loeffler, Stefan"]
[Black "Lamprecht, Frank"]
[Result "1/2-1/2"]
[WhiteElo "2385"]
[BlackElo "2399"]

1.c4 c6 2.e4 d5 3.cxd5 cxd5 4.exd5 Nf6 5.Bb5+ Nbd7 6.Nc3 a6 7.Qa4 g6 8.d4 Bg7
9.Be2 O-O 10.Bf3 b5 11.Qb3 Nb6 12.Bg5 Bb7 13.Bxf6 Bxf6 14.Nge2 Qd7 15.a4 b4
16.Ne4 Bxd5 17.Qxb4 Rab8 18.O-O Nc4 19.Nxf6+ exf6 20.Qc3 Bxf3 21.Qxc4 Bxe2
22.Qxe2 Qxd4 23.Qxa6 Rxb2 24.Rad1 Qb6 25.Qxb6 Rxb6 26.Rb1 Ra6  1/2-1/2

[Event "CRO-Cup"]
[Site "Pula"]
[Date "1999.05.27"]
[Round "4"]
[White "Tukmakov, Vladimir B"]
[Black "Golubovic, Boris"]
[Result "0-1"]
[WhiteElo "2581"]
[BlackElo "2450"]

1.c4 c6 2.Nf3 d5 3.e3 Nf6 4.Nc3 a6 5.h3 e6 6.b3 Bd6 7.Qc2 O-O 8.g4 Nbd7 9.Bb2 Qe7
10.g5 Ne8 11.Bd3 f5 12.Nd4 Nc5 13.f4 Bd7 14.Nf3 b5 15.Ne2 dxc4 16.bxc4 b4
17.Ng3 Nxd3+ 18.Qxd3 c5 19.Ne5 Bxe5 20.Bxe5 Bc6 21.Rg1 Rd8 22.Qc2 Qb7 23.a3 b3
24.Qc3 Be4 25.Nxe4 fxe4 26.Qa5 Nd6 27.Qxc5 Nf5 28.Qb4 Qf7 29.g6 hxg6 30.Qxb3 Rd3
31.Qb2 Rfd8 32.O-O-O Kh7 33.Bc3 e5 34.fxe5 Qxc4 35.Qb4 Qc6 36.Rde1 R8d5 37.a4 Rc5
38.Kb2 Rc4 39.Qb3 Rd7 40.Kc2 Rb7 41.Qa3 Rxa4 42.Qf8 Ra2+  0-1

[Event "IHEM"]
[Site "Hamburg"]
[Date "1999.05.28"]
[Round "7.11"]
[White "Hegeler, Frank"]
[Black "Voigt, Martin"]
[Result "0-1"]
[WhiteElo "2356"]
[BlackElo "2257"]

1.c4 c6 2.Nf3 d5 3.e3 Nf6 4.Nc3 e6 5.b3 Nbd7 6.Bb2 Bd6 7.g4 Nxg4 8.Rg1 Nge5
9.Rxg7 Ng6 10.Nxd5 exd5 11.Rxg6 hxg6 12.Bxh8 f6 13.Bd3 Nf8 14.Bg7 Ne6 15.Bh6 Kf7
16.Nh4 f5 17.Nxf5 Be5 18.Nd4 Qf6 19.Rc1 Bxd4 20.exd4 Nxd4 21.Be2 Bf5 22.Be3 Nxe2
23.Qxe2 d4 24.c5 dxe3 25.dxe3 Rd8 26.Qc4+ Kg7 27.Qf4 Qb2  0-1

[Event "Pula op 13th"]
[Site "Pula"]
[Date "1999.06.08"]
[Round "9"]
[White "Burmakin, Vladimir"]
[Black "Tukmakov, Vladimir B"]
[Result "1/2-1/2"]
[WhiteElo "2534"]
[BlackElo "2581"]

1.c4 c6 2.d4 d5 3.cxd5 cxd5 4.Nf3 Nf6 5.Nc3 Nc6 6.Bf4 a6 7.e3 e6 8.Bd3 Bd6
9.Bxd6 Qxd6 10.O-O O-O  1/2-1/2

[Event "Salongernas IM"]
[Site "Stockholm"]
[Date "1999.06.08"]
[Round "4"]
[White "Kallio, Heikki"]
[Black "Pedersen, Daniel Vesterbaek"]
[Result "0-1"]
[WhiteElo "2352"]
[BlackElo "2299"]

1.c4 c6 2.e4 d5 3.exd5 cxd5 4.d4 Nf6 5.Nc3 e6 6.Nf3 Bb4 7.c5 Ne4 8.Qd3 O-O
9.Be2 b6 10.cxb6 Qxb6 11.Qe3 f5 12.g3 Nc6 13.O-O Bd6 14.Qd3 Bd7 15.Bd1 Rac8
16.Na4 Qb8 17.Nc5 Nxc5 18.dxc5 Bxc5 19.Bf4 Qxb2 20.Bb3 Nb4 21.Qd1 Bb5 22.Ng5 Bxf1
23.Qxf1 Bxf2+ 24.Kh1 Qf6 25.Nf3 Bd4 26.Rd1 Bc3 27.Qf2 e5 28.Bg5 Qb6 29.Be3 Qb5
30.a3 Nd3 31.Qa2 Rfd8 32.a4 Qa6 33.Bxd5+ Kh8 34.Ng5 Rd7 35.Nf7+ Rxf7 36.Bxf7 Rd8
37.Kg1 e4 38.Qb3 Qf6 39.Kh1 Bd4 40.Bxd4 Qxd4 41.Rf1 Nf2+ 42.Kg2 e3 43.Qc2 Qd2
44.Qxf5 e2 45.Rxf2 e1=Q 46.Rxd2 Qxd2+ 47.Kh3 Qd7 48.Be6 Qxa4 49.Qg5 Qd4 50.Bf5 Qf6
51.Qg6 Qxg6  0-1

[Event "Salongernas Elo"]
[Site "Stockholm"]
[Date "1999.06.10"]
[Round "6"]
[White "Backelin, Rikard"]
[Black "Rylander, Dennis"]
[Result "1-0"]
[WhiteElo "2300"]
[BlackElo "2141"]

1.c4 c6 2.e4 d5 3.exd5 cxd5 4.d4 Nc6 5.Nc3 Nf6 6.c5 g6 7.Nf3 Bg7 8.Be2 Ne4
9.O-O O-O 10.Be3 Bg4 11.h3 Bf5 12.Rc1 Kh8 13.a3 Nxc3 14.bxc3 h6 15.Re1 Be4
16.Nd2 f5 17.Nxe4 dxe4 18.Qd2 e5 19.d5 Na5 20.Qa2 f4 21.Bd2 Qh4 22.c4 b6
23.Bxa5 bxa5 24.Bg4 h5 25.Be6 e3 26.f3 e4 27.Qe2 Bd4 28.c6 Rab8 29.Rc2 exf3
30.gxf3 Rf5 31.c7 Rg8 32.c8=Q Rxc8 33.Bxc8 Qg3+ 34.Kf1 Rg5 35.Bg4 hxg4 36.hxg4 Kg7
37.Qg2 Qh4 38.Qh2 Qxh2 39.Rxh2 Re5 40.Rd1 Bc3 41.d6 Re8 42.c5 Kf6 43.c6 Be5
44.c7  1-0

[Event "Salongernas Elo"]
[Site "Stockholm"]
[Date "1999.06.12"]
[Round "8"]
[White "Backelin, Rikard"]
[Black "Andersson, Mats"]
[Result "0-1"]
[WhiteElo "2300"]
[BlackElo "2313"]

1.c4 c6 2.d4 d5 3.Bf4 dxc4 4.e3 b5 5.a4 Bb7 6.Nc3 a6 7.Be2 e6 8.Bf3 Qb6 9.Nge2 Nf6
10.O-O Nbd7 11.e4 Be7 12.Qc2 O-O 13.Rfd1 c5 14.a5 Qa7 15.d5 e5 16.Be3 Ne8
17.Ng3 Nd6 18.Nf5 Rfe8 19.g4 g6 20.Ng3 Qb8 21.Kg2 Qd8 22.Qc1 Bh4 23.Rg1 f6
24.Rh1 Rc8 25.Qd2 Kh8 26.h3 Qe7 27.Kh2 Rg8 28.Nce2 Rcf8 29.Bg2 Bg5 30.f4 exf4
31.Nxf4 Bxf4 32.Bxf4 Ne5 33.Be3 Nd3 34.b4 cxb4 35.Bd4 Nf7 36.Rhf1 Nfe5 37.Kh1 Re8
38.Qe3 Rgf8 39.Ne2 Kg8 40.Qg3 Bc8 41.Rad1 Bd7 42.Bb6 b3 43.Qe3 Qd6 44.Nc1 b2
45.Nxd3 Nxd3 46.Rxd3 cxd3 47.Bc5 Qe5 48.Qxd3 Rc8 49.Bd4 Rc1 50.Bxe5 fxe5
51.Rd1 Rxd1+ 52.Qxd1 Rc8  0-1

[Event "Andorra la Vella op"]
[Site "Andorra la Vella"]
[Date "1999.06.27"]
[Round "2"]
[White "Marin, Mihail"]
[Black "Simonet Pons, Marc"]
[Result "1-0"]
[WhiteElo "2525"]
[BlackElo "2262"]

1.c4 c6 2.e4 e5 3.Nf3 d6 4.d4 Bg4 5.d5 Nf6 6.Nc3 Be7 7.Be2 O-O 8.O-O Nbd7
9.Ne1 Bxe2 10.Qxe2 cxd5 11.cxd5 a6 12.Nd3 Rc8 13.Be3 Nb6 14.f3 Nfd7 15.Rfc1 f5
16.exf5 Nc4 17.Rc2 Nxe3 18.Qxe3 Rxf5 19.Nf2 Bg5 20.Qe2 Rf8 21.Nfe4 Qb6+ 22.Kh1 Bh6
23.Re1 Nf6 24.Rd1 Nh5 25.g3 Nf6 26.Kg2 Nxe4 27.Nxe4 Rxc2 28.Qxc2 Be3 29.Rd3 Bd4
30.Ng5 g6 31.Ne6 Re8 32.Rb3 Qa5 33.Rxb7 Qe1 34.Rg7+ Kh8 35.Rxh7+  1-0

[Event "EUCup99 (Women)"]
[Site "Nova Gorica"]
[Date "1999.06.30"]
[Round "3"]
[White "Ioseliani, Nana"]
[Black "Zhukova, Natalia"]
[Result "1/2-1/2"]
[WhiteElo "2493"]
[BlackElo "2456"]

1.c4 c6 2.d4 d5 3.e3 Bf5 4.Qb3 Qc7 5.cxd5 cxd5 6.Nc3 e6 7.Nf3 Nf6 8.Bd2 Be7
9.Be2 O-O 10.O-O Nc6 11.Rfc1 Rfc8 12.Na4 Ne4 13.Be1 Bd6 14.h3 Qe7 15.a3 Rc7
16.Qd1 Rac8 17.b4 Nb8 18.Rxc7 Rxc7 19.Rc1 b6 20.Rxc7 Qxc7 21.Bd3 h6 22.Qc2  1/2-1/2

[Event "NOR-ch"]
[Site "Gausdal"]
[Date "1999.07.04"]
[Round "3"]
[White "Leer Salvesen, Bjarte"]
[Black "Moen, Andreas"]
[Result "1/2-1/2"]
[WhiteElo "2261"]
[BlackElo "2235"]

1.c4 c6 2.Nf3 Nf6 3.d4 d5 4.e3 Bf5 5.Nc3 e6 6.Bd3 Nbd7 7.Bxf5 exf5 8.cxd5 Nxd5
9.Nxd5 cxd5 10.Qd3 Qf6 11.Qb3 Nb6 12.Ne5 Bd6 13.Qb5+ Ke7 14.Bd2 Rac8 15.O-O Bxe5
16.dxe5 Qc6 17.Qb4+ Ke8 18.Qh4  1/2-1/2

[Event "Budapest FS07 IM"]
[Site "Budapest"]
[Date "1999.07.05"]
[Round "3"]
[White "Kiss, Gedeon"]
[Black "Serrer, Christoph"]
[Result "1/2-1/2"]
[WhiteElo "2326"]
[BlackElo "2257"]

1.c4 c6 2.e4 d5 3.exd5 cxd5 4.cxd5 Qxd5 5.Nc3 Qd6 6.d4 Nf6 7.Nge2 e6 8.g3 Bd7
9.Bf4 Qb6 10.Bg2 Bc6 11.d5 exd5 12.O-O Be7 13.Be3 Bc5 14.Na4 Bxa4 15.Qxa4+ Nc6
16.Bg5 Be7 17.Nf4 O-O 18.Bxf6 Bxf6 19.Nxd5 Qd4 20.Qb5 Rab8 21.Rab1 a6 22.Nxf6+ Qxf6
23.Qb6 Qd8 24.Qxd8 Rfxd8 25.Bxc6 bxc6 26.Rfc1 Rb6 27.b4 Kf8 28.Kf1 Rd4 29.a3 a5
30.bxa5 Rxb1 31.Rxb1  1/2-1/2

[Event "SVK-ch"]
[Site "Nove Zamky"]
[Date "1999.07.05"]
[Round "3"]
[White "Petran, Peter"]
[Black "Szaraz, Vojtech"]
[Result "1-0"]
[WhiteElo "2407"]
[BlackElo "2118"]

1.c4 c6 2.Nf3 Nf6 3.b3 e6 4.Bb2 Be7 5.e3 d5 6.Nc3 Nbd7 7.d4 Bb4 8.a3 Bd6
9.Bd3 O-O 10.Qc2 h6 11.O-O Re8 12.Rfd1 Nf8 13.b4 Bd7 14.Qe2 Rc8 15.Ne5 a5
16.c5 Bxe5 17.dxe5 N6h7 18.f4 b6 19.cxb6 Qxb6 20.Na4 Qb8 21.Bd4 axb4 22.axb4 Qxb4
23.Nc5 Qb8 24.Rdb1 Qc7 25.Rb7 Qd8 26.Raa7 Re7 27.Qc2 g6 28.Bc3 Ra8 29.Qa4 Rb8
30.Ba5 Qe8 31.Rxb8 Qxb8 32.Bc7 Qb2 33.Bd6 Re8 34.Nxd7 Nxd7 35.Rxd7 Qd2 36.Qd4 Ra8
37.Bf1 Qc1 38.Ra7 Rc8 39.Ra1 Qc2 40.Bd3 c5 41.Bxc2 cxd4 42.Bd3 dxe3 43.Kf1 g5
44.g3 f5 45.Ke2 d4 46.Ra4 Rc1 47.Rxd4 Rh1 48.Ra4 Rxh2+ 49.Kxe3 Rg2 50.Kf3 Rd2
51.Bc4  1-0

[Event "Budapest FS07 IM"]
[Site "Budapest"]
[Date "1999.07.10"]
[Round "8"]
[White "Aumann, Welf"]
[Black "Serrer, Christoph"]
[Result "1/2-1/2"]
[WhiteElo "2311"]
[BlackElo "2257"]

1.c4 c6 2.g3 d5 3.Bg2 Nf6 4.Nf3 Bg4 5.Ne5 Bf5 6.cxd5 cxd5 7.Qa4+ Nbd7 8.Nc3 e6
9.g4 Bg6 10.h4 h6 11.Nxg6 fxg6 12.Qc2 Kf7 13.Bh3 d4 14.g5 dxc3 15.gxf6 cxb2
16.Bxb2 gxf6 17.h5 Bc5 18.hxg6+ Ke7 19.Rb1 Qc7 20.Qb3 Qb6 21.Qg3 Qd6 22.Qh4 b6
23.g7 Rhg8 24.Qxh6 Ne5 25.f4 Nd7 26.Bg2 Rad8 27.f5 Qg3+ 28.Kd1 Qxg2 29.fxe6 Kxe6
30.Kc2 Qxg7 31.Qh3+ Qg4 32.Qb3+ Ke7 33.Rbf1 Rg7 34.Qd5 Qe6 35.Qb7 Rf8 36.Rh4 Qf7
37.Rxf6 Qxf6 38.Bxf6+ Kxf6 39.Rf4+ Ke7 40.Re4+ Kd6 41.d4 Rg5 42.dxc5+ Rxc5+
43.Kb2 Rb5+ 44.Ka3 Ra5+ 45.Kb4 Ra4+ 46.Kc3 Rxe4 47.Qxe4 Rc8+ 48.Kd4 Rc5  1/2-1/2

[Event "Bydgoszcz Bank Pocztowy op"]
[Site "Bydgoszcz"]
[Date "1999.07.12"]
[Round "1"]
[White "Sulskis, Sarunas"]
[Black "Fedorovsky, Michael"]
[Result "1-0"]
[WhiteElo "2521"]
[BlackElo "2307"]

1.c4 c6 2.e4 d5 3.cxd5 cxd5 4.exd5 Nf6 5.Qa4+ Nbd7 6.Nc3 g6 7.Nf3 Bg7 8.Qb3 O-O
9.Bc4 Nb6 10.d3 Bf5 11.Be3 Rc8 12.Bxb6 axb6 13.O-O Nd7 14.Na4 Nc5 15.Nxc5 Rxc5
16.a4 Qc7 17.Rfe1 Rc8 18.h3 Qd6 19.Re3 Bf6 20.Rae1 Bd7 21.Nd2 Ra5 22.Ne4 Qf4
23.d6 Be5 24.g3 Qf5 25.dxe7 Bd4 26.Nd6 Qxh3 27.Bb5 Be6 28.Qxe6 fxe6 29.Nxc8  1-0

[Event "Master Tournament"]
[Site "Dortmund"]
[Date "1999.07.12"]
[Round "4"]
[White "Bischoff, Klaus"]
[Black "Mainka, Gregor"]
[Result "0-1"]
[WhiteElo "2509"]
[BlackElo "2340"]

1.c4 c6 2.Nf3 g6 3.d4 Bg7 4.Nc3 d6 5.h3 e5 6.dxe5 dxe5 7.Qxd8+ Kxd8 8.g4 Na6
9.Bg2 Be6 10.Ng5 Bxc4 11.b3 h6 12.bxc4 hxg5 13.Bxg5+ Kc7 14.O-O f5 15.Rac1 Bh6
16.f4 Nc5 17.h4 exf4 18.Rxf4 Bxg5 19.hxg5 Ne7 20.Rf3 Rae8 21.e4 fxg4 22.Rf7 Nd3
23.Rcf1 Ne5 24.Rg7 Nxc4 25.e5 Kc8 26.Rff7 Kd8 27.e6 Nd6 28.Rf6 Rh5 29.Rf4 Rxg5
30.Rd4 Kc7 31.Ne4 Nxe4 32.Bxe4 Kb6 33.Rd7 Re5 34.Bxg6 Nxg6 35.Rxb7+ Kc5 36.Rxg6 R8xe6
37.Rxe6 Rxe6 38.Rxa7 Re2 39.a4 Ra2 40.a5 Kb5 41.Rb7+ Kc5 42.Ra7 Ra4 43.Kf2 Kb5  0-1

[Event "SCO-ch"]
[Site "Edinburgh"]
[Date "1999.07.17"]
[Round "2"]
[White "McNab, Colin Anderson"]
[Black "Orr, Mark J L"]
[Result "1-0"]
[WhiteElo "2445"]
[BlackElo "2350"]

1.c4 c6 2.Nf3 d5 3.e3 g6 4.d4 Bg7 5.Nc3 Nf6 6.Bd3 O-O 7.O-O a6 8.b3 Bg4 9.h3 Bf5
10.Bxf5 gxf5 11.Ne1 Ne4 12.Ne2 b5 13.f3 Nd6 14.cxd5 cxd5 15.Nd3 a5 16.Bd2 Nd7
17.Nef4 e6 18.Rc1 b4 19.Qe1 Nb5 20.Nh5 Bh6 21.Nc5 Nxc5 22.Rxc5 Qg5 23.Nf4 Nd6
24.Rc6 Nb5 25.Rc5 Nd6 26.Bc1 Qg7 27.Nd3 f4 28.Nxf4 Bxf4 29.exf4 Qxd4+ 30.Be3 Qg7
31.Qd2 Nf5 32.Bf2 Rfc8 33.Rfc1 Qf8 34.Rxc8 Rxc8 35.g4 Nd6 36.Rxc8 Qxc8 37.Bd4 Nb5
38.Bf6 Kf8 39.Kg2 Ke8 40.Qd3 Nd6 41.Be5 Ke7 42.Qxh7 Qc1 43.Qh4+ Kd7 44.Bxd6 Qd2+
45.Qf2 Qxf2+ 46.Kxf2 Kxd6 47.h4 Ke7 48.Ke3  1-0

[Event "Komercni Banka op"]
[Site "Pardubice"]
[Date "1999.07.17"]
[Round "2"]
[White "Vokac, Marek"]
[Black "Abou el Zein, Eid Mahmoud"]
[Result "0-1"]
[WhiteElo "2494"]
[BlackElo "2351"]

1.c4 c6 2.Nf3 d5 3.b3 Nf6 4.Bb2 Bf5 5.g3 h6 6.Bg2 e6 7.O-O Be7 8.d3 O-O 9.Nc3 Nbd7
10.Nd4 Bh7 11.cxd5 cxd5 12.e4 Nc5 13.b4 dxe4 14.bxc5 Qxd4 15.dxe4 Qxc5 16.Qb3 Rfd8
17.e5 Nd7 18.Na4 Qb4 19.Rac1 Rab8 20.Rc7 b5 21.Qxb4 Bxb4 22.Bc6 Nf8 23.Nc3 Rd2
24.Ba1 Bd3 25.Rc1 Ba5 26.Rb7 Rxb7 27.Bxb7 Bb6 28.Nd1 b4 29.Bf3 Nd7 30.Ne3 Rxa2
31.Rd1 Bb5 32.Bd4 Bxd4 33.Rxd4 Nxe5 34.Be4 f5 35.Rxb4 a6 36.f4 Nd7 37.Bc2 Nc5
38.h3 Kf8 39.g4 g6 40.Rd4 Ke7 41.h4 h5 42.gxh5 gxh5 43.Bd1 Be2 44.Bc2 a5
45.Bxf5 exf5 46.Rd5 Ne4 47.Nxf5+ Kf6 48.Nd4 Rd2 49.Rf5+ Kg6 50.Nxe2 Kxf5
51.Ng3+ Kxf4  0-1

[Event "S&W Young Masters 9th"]
[Site "Witley"]
[Date "1999.07.17"]
[Round "1"]
[White "Mah, Karl"]
[Black "Sarkar, Justin"]
[Result "1-0"]
[WhiteElo "2316"]
[BlackElo "2262"]

1.c4 c6 2.Nf3 d5 3.e3 Nf6 4.Nc3 Bg4 5.cxd5 Nxd5 6.Be2 e6 7.O-O Be7 8.d4 O-O
9.e4 Nf6 10.Be3 Nbd7 11.Qc2 Qc7 12.Rac1 Rac8 13.e5 Bf5 14.Bd3 Bxd3 15.Qxd3 Ne8
16.Ng5 Bxg5 17.Bxg5 f6 18.exf6 Nexf6 19.Qe3 Rce8 20.Bf4 Qa5 21.Bd6 Rf7 22.f3 Nd5
23.Qf2 N7f6 24.Rfe1 Qd8 25.Bg3 Qd7 26.a3 Ne7 27.Rcd1 Nf5 28.Be5 Nd6 29.Qe2 Nd5
30.Na2 Nf5 31.Qd2 Nh4 32.Qg5 Ng6 33.Bg3 Ndf4 34.Qc5 a6 35.Nc3 Rf5 36.Qc4 Rd8
37.Ne4 Qd5 38.Qc2 Rf7 39.Nc5 b6 40.Nxa6 Qb5 41.Nb4 Rd6 42.Nd3 Qg5 43.Re4 Rd8
44.Nxf4 Nxf4 45.Qxc6 h5 46.Bxf4 Rxf4 47.Qxe6+ Kh8 48.Re5  1-0

[Event "SCO-ch"]
[Site "Edinburgh"]
[Date "1999.07.18"]
[Round "3"]
[White "Morrison, Graham"]
[Black "Beaton, Kenneth S"]
[Result "1/2-1/2"]
[WhiteElo "2325"]
[BlackElo "2120"]

1.c4 c6 2.Nf3 d5 3.e3 Nf6 4.Nc3 g6 5.b3 Bg7 6.Bb2 O-O 7.Be2 Bg4 8.O-O Nbd7
9.h3 Bxf3 10.Bxf3 e6 11.Qc2 Re8 12.cxd5 exd5 13.Na4 Ne4 14.Bxg7 Kxg7 15.b4 Qh4
16.Bxe4 dxe4  1/2-1/2

[Event "S&W Young Masters 9th"]
[Site "Witley"]
[Date "1999.07.18"]
[Round "3"]
[White "Williams, Simon"]
[Black "Sarkar, Justin"]
[Result "1-0"]
[WhiteElo "2421"]
[BlackElo "2262"]

1.c4 c6 2.Nc3 d5 3.cxd5 cxd5 4.d4 Nf6 5.Bf4 Nc6 6.e3 Bf5 7.Nf3 e6 8.Ne5 Nxe5
9.Bxe5 Nd7 10.Bg3 Bb4 11.Qb3 Qa5 12.Be2 O-O 13.O-O Rfc8 14.Rfc1 Nb6 15.Nb5 Bd2
16.Rxc8+ Rxc8 17.Nd6 Rc1+ 18.Rxc1 Bxc1 19.Bf1 Bb1 20.Nxb7 Qxa2 21.Qc3 Bxb2
22.Qc7 h6 23.Nd8 Bg6 24.Nxe6 Ba3 25.Be5 Kh7 26.Nxg7 Nc4 27.Ne8 Nxe5 28.Qxe5 Bf8
29.h4 Qb1 30.Nf6+ Kh8 31.Nxd5+ Bg7 32.Qe8+ Kh7 33.h5 Bd3 34.Ne7  1-0